| 000 | 01227nam a2200337 a 4500 | ||
|---|---|---|---|
| 001 | 000111638 | ||
| 003 | CHAP | ||
| 005 | 20220329144223.0 | ||
| 008 | 150623s2015 mx a fsm |||||||spa d | ||
| 010 | _a108099 | ||
| 011 | _a109071 | ||
| 040 | _cCHAP | ||
| 090 | _aTesis | ||
| 100 | 1 |
_aRamírez Velázquez, Gabriela Cecilia _9129566 |
|
| 245 | 1 | 0 |
_aDiseño del proceso de licor de café en la empresa Nogueras, S. P. R. de R. L. _h[En línea] _cpor Gabriela Cecilia Ramírez Velázquez. |
| 260 |
_aChapingo, Méx. : _bEl autor, _c2015. |
||
| 500 | _aPara ver el contenido del material haga clic en la liga | ||
| 502 | _aTesis (Ing. Agroindustrial ) -- UACH. Departamento de Ingeniería Agroindustrial | ||
| 590 |
_aE11695DGD _b10 _c20150624 _lUCH01 _h0905 |
||
| 590 |
_aE11695DGD _b10 _c20150624 _lUCH01 _h0905 |
||
| 590 |
_aE5995AHE _b05 _c20150623 _lUCH01 _h1119 |
||
| 590 |
_aE5995AHE _b05 _c20150623 _lUCH01 _h1122 |
||
| 590 |
_aE5995AHE _b05 _c20150623 _lUCH01 _h1336 |
||
| 650 | 1 | 4 |
_aBebidas _xElaboración. _9125700 |
| 650 | 1 | 4 |
_aCafé _xSubproductos. _917203 |
| 650 | 1 | 4 |
_aLicores. _966717 |
| 856 |
_aFinding aid _uhttp://10.13.5.2/tesis/sist111638.pdf _zTeclea aquí |
||
| 901 | _aBK | ||
| 942 | _cTESIS | ||
| 942 | _n0 | ||
| 999 |
_c108099 _d108099 |
||